|
|
|
|
| LEADER |
00000nam0a2200000 4500 |
| 001 |
286568 |
| 005 |
20231101235914.0 |
| 035 |
|
|
|a (RuTPU)RU\TPU\book\310887
|
| 090 |
|
|
|a 286568
|
| 100 |
|
|
|a 20150306d1984 k y0rusy50 ca
|
| 101 |
0 |
|
|a rus
|
| 102 |
|
|
|a RU
|
| 105 |
|
|
|a a z 001zy
|
| 200 |
1 |
|
|a Элементарные процессы при атомных столкновениях
|e межвузовский сборник
|f Чувашский государственный университет (ЧГУ) ; под ред. А. И. Короткова
|
| 210 |
|
|
|a Чебоксары
|c Изд-во ЧувГУ
|d 1984
|
| 215 |
|
|
|a 138 с.
|c ил.
|
| 320 |
|
|
|a Библиография в конце статей
|
| 606 |
1 |
|
|a Атомы
|x Столкновения
|2 stltpush
|3 (RuTPU)RU\TPU\subj\29797
|9 53059
|
| 610 |
1 |
|
|a атомные столкновения
|
| 610 |
1 |
|
|a физика
|
| 610 |
1 |
|
|a упругое рассеяние
|
| 610 |
1 |
|
|a неупругое рассеяние
|
| 610 |
1 |
|
|a электроны
|
| 610 |
1 |
|
|a протоны
|
| 610 |
1 |
|
|a возбужденные атомы
|
| 675 |
|
|
|a 539.186
|v 3
|
| 702 |
|
1 |
|a Коротков
|b А. И.
|4 340
|
| 712 |
0 |
2 |
|a Чувашский государственный университет (ЧГУ)
|c (Чебоксары)
|2 stltpush
|3 (RuTPU)RU\TPU\col\299
|
| 801 |
|
1 |
|a RU
|b 63413507
|c 20150306
|
| 801 |
|
2 |
|a RU
|b 63413507
|c 20180328
|g RCR
|
| 942 |
|
|
|c BK
|